The end of leadership: exemplary leadership is impossible without full inclusion, initiative, and cooperation of followers (Record no. 41876)

000 -LEADER
fixed length control field 00432pab a2200145 454500
008 - FIXED-LENGTH DATA ELEMENTS--GENERAL INFORMATION
fixed length control field 180718b1999 xxu||||| |||| 00| 0 eng d
100 ## - MAIN ENTRY--PERSONAL NAME
Personal name Bennis, Warren
245 ## - TITLE STATEMENT
Title The end of leadership: exemplary leadership is impossible without full inclusion, initiative, and cooperation of followers
260 ## - PUBLICATION, DISTRIBUTION, ETC.
Date of publication, distribution, etc. 1999
300 ## - PHYSICAL DESCRIPTION
Extent p.71-79
362 ## - DATES OF PUBLICATION AND/OR SEQUENTIAL DESIGNATION
Dates of publication and/or sequential designation Summer
650 ## - SUBJECT ADDED ENTRY--TOPICAL TERM
Topical term or geographic name entry element Leadership
773 ## - HOST ITEM ENTRY
Main entry heading Organization Dynamics
909 ## -
-- 41876
Holdings
Withdrawn status Lost status Damaged status Not for loan Permanent Location Current Location Date acquired Serial Enumeration / chronology Barcode Date last seen Price effective from Koha item type
        Indian Institute of Public Administration Indian Institute of Public Administration 2018-07-19 Volume no: 28, Issue no: 1 AR42253 2018-07-19 2018-07-19 Articles

Powered by Koha